Statistiken für Insekten A-Z - Bilderquiz

Klicken Sie hier um das Quiz zu spielen!

Allgemein

  • Dieses Quiz wurde 284 mal gespielt
  • Das Durchschnittsergebnis liegt bei 12 aus 24

Antwortstatistiken

Antwort% Korrekt
Ameise
100%
Biene
100%
Fliege
95%
Libelle
95%
Marienkäfer
95%
Wespe
94%
Hornisse
93%
Grashüpfer
89%
Nashornkäfer
57%
Kakerlake
55%
Silberfischchen
55%
Termite
49%
Rüsselkäfer
43%
Indische {Gottesanbeterin}
36%
Junikäfer
29%
Zikade
25%
Ohrwurm
23%
Elefantenkäfer
13%
C-Falter
9%
Quelljungfer
6%
Dammläufer
1%
Purpurbär
1%
Uferwanze
1%
Ypsiloneule
1%

Verteilung der Resultate

Perzentil nach korrekt beantworteten Fragen

Anzahl Personen mit jedem Resultat

Ihre Resultats-Entwicklung

Sie haben dieses Quiz noch nicht gespielt